000 00283nam a22001337a 4500
008 170714b xxu||||| |||| 00| 0 eng d
020 _a9780683181456
041 _aeng
080 _22ND
_a038
100 _a24
101 _aFJA
245 _aGI&GU WORDS
_cSTEDMAN
942 _2udc
_cBK
999 _c20977
_d20977